000 00402nam a2200133Ia 4500
008 151001s9999||||xx |||||||||||||| ||und||
100 _aशर्मा गोपाल
245 _aसंप्रेषण परक हिंदी भाषा शिक्षण
250 _a1
260 _bसाहित्य सहकार
260 _c2007
300 _a160
365 _b21
999 _c991007
_d991004